Facultad de Filosofía y Letras : organización académica 1967 /

En este libro se presentan carreras, planes de estudio antiguos y nuevos, el profesorado y los distintos centros de estudios que dependendían de la Facultad de Filosofía y Letras.

Gespeichert in:
Bibliographische Detailangaben
Körperschaft: UNAM
Format: Buch
Sprache:Spanisch
Schlagworte:
Tags: Tag hinzufügen
Keine Tags, Fügen Sie das erste Tag hinzu!

MARC

LEADER 00000nam^a2200000^a^4500
001 000122466
005 20250521000000.0
009 20260310094503.167
037 |a Acervo ITESO - Biblioteca 
041 |a ESP 
082 |a 378. 72532  |b UNI UNAM 1967 
110 |a UNAM 
245 1 0 |a Facultad de Filosofía y Letras :  |b organización académica 1967 /  |c Universidad Nacional Autónoma de México. 
264 |a México :  |b UNAM,  |c 1967 
300 |a 276 p. 
336 |a texto  |b txt  |2 rdacontenido 
337 |a sin mediación  |b n  |2 rdamedio 
338 |a volumen  |b nc  |2 rdasoporte 
520 |a En este libro se presentan carreras, planes de estudio antiguos y nuevos, el profesorado y los distintos centros de estudios que dependendían de la Facultad de Filosofía y Letras. 
649 |a XX 
650 |a Planeación Educativa 
650 |a Organismos Colegiados 
650 |a Departamentos Universitarios 
650 |a UNAM -  |x Historia 
650 |a Educación Superior -  |z México -  |x Historia -  |y 1964-1970 
910 |a Fondo Salvador Reynoso Reynoso 
920 |a Impresos - Libros 
930 |a Fondos Especiales 
905 |a 112 
901 |a 0800006758  |b IT2  |c ESP  |u 20250521 
902 |a https://opac.biblio.iteso.mx/vufind/Record/000122466